Countries in Europe - Sudden Death - Statistics

General Stats
  • This quiz has been taken 145 times
  • The average score is 9 of 10
Answers on the Grid
Answers color-coded by a green-red scale on the quiz's grid according to % correct below.
Malta
Fiji
Mozambique
Lithuania
Ukraine
Canada
Zambia
Suriname
Luxembourg
Guyana
United Kingdom
Portugal
Tanzania
Greece
Algeria
Micronesia
Australia
Austria
Monaco
Latvia
 
Answer Stats
Answer % Correct
Ukraine
97%
United Kingdom
93%
Greece
90%
Lithuania
90%
Luxembourg
90%
Portugal
90%
Austria
86%
Latvia
86%
Malta
83%
Monaco
83%
No matching quizzes found
Score Distribution
Percent of People with Each Score
Percentile by Number Answered
Your Score History
You have not taken this quiz